[Event "SVK ECo-C Extraliga 2018-19"]
[Site "Slovakia"]
[Date "2019.02.16"]
[Round "5"]
[White "Roubalik, Jakub"]
[Black "Markos, Jan"]
[Result "0-1"]
[WhiteElo "2412"]
[BlackElo "2557"]
[Annotator "TA"]
[PlyCount "106"]
[EventDate "2018.11.10"]
[EventType "team-tourn"]
[EventCountry "SVK"]
[SourceTitle "playchess.com"]
[Source "ChessBase"]
[SourceQuality "1"]
[WhiteTeam "Dubnica"]
[BlackTeam "Snina"]

{[%evp 16,106,5,22,59,0,2,0,2,17,11,1,10,-15,70,33,47,-35,160,136,133,139,158,166,135,169,217,212,297,297,423,415,462,422,451,426,382,381,370,205,202,160,583,582,574,579,548,462,435,114,110,0,0,0,0,0,0,-831,-798,-782,-725,-578,-432,-543,-434,-830,-808,-1407,-1318,-1272,-1008,-1491,-1463,-4751,-2803,-2317,-2266,-29978,-29958,-29984,-29985,-29986,-29986,-29986,-29987,-29987,-29988,-29988,-29988,-29988,-29989,-29989,-29989]} 1. d4 Nf6 2. c4 c5 3. d5 b5 4. Qc2 Qa5+ (4... Na6 5. a3 bxc4 6. e4 e6 7. Nc3 exd5 8. exd5 Bd6 9. Bxc4 O-O 10. Nge2 Nc7 11. O-O Re8 12. Qd3 Rb8 {½-½ (40) Mamedyarov,S (2766)-Mihok,O (2505) chess.com INT 2017}) 5. Bd2 b4 6. e4 {A57: Benko/Volga Gambit} d6 7. f4 g6 8. Bd3 Bg7 9. Nf3 {LiveBook: 3 Games} Bg4 10. e5 $146 (10. O-O $14) ({Predecessor:} 10. O-O Bxf3 11. Rxf3 Nbd7 12. Be1 {1-0 (52) Michel Coto,M (2385)-Abreu Jean,C (2292) Havana 2017}) 10... Nh5 $11 11. O-O Bxf3 12. Rxf3 {Black must now prevent g4.} dxe5 13. f5 {[%cal Rf5g6]} Nd7 14. Be4 {[%cal Rf5g6] [#]} Nhf6 {[#]} ({Black should play} 14... Nf4 $1 $11 {[%mdl 512]} 15. Be3 (15. Bxf4 exf4) 15... Rb8) 15. d6 $1 $36 {[%mdl 2560] White fights for an advantage.} Rd8 (15... exd6 16. Bxa8) 16. Bg5 (16. dxe7 $14 Kxe7 17. Bg5) 16... Qb6 $2 {[#]} (16... Nxe4 $15 {stays ahead.} 17. Qxe4 Bf6 18. dxe7 Bxe7 19. Bxe7 Kxe7) 17. dxe7 $1 $16 ({Stronger than} 17. fxg6 hxg6 18. dxe7 Kxe7 $15) 17... Kxe7 {[#]} 18. Nd2 $1 {[%cal Bb1d2,Bd2f1,Bf1g3,Bg3f5][%mdl 32]} (18. fxg6 hxg6 19. Nd2 Bh6 $15) 18... h6 19. Bxf6+ $1 Nxf6 20. fxg6 {And now Bd5! would win.} fxg6 21. Bxg6 Qd6 (21... Rhf8 $142 22. a3 e4) 22. Nf1 $18 Qd4+ (22... e4 $142) 23. Kh1 Rhf8 24. Ng3 Ng4 25. Nf5+ Rxf5 26. Rxf5 {aiming for Rf7+.} Bf6 {If only Black now had time for ...Ne3....} 27. Qe2 (27. Raf1 $142 Rg8 28. Bh7) 27... Ne3 28. Rf3 Nd1 $2 (28... Qd1+ $16 {is a better chance.} 29. Rxd1 Rxd1+ 30. Qxd1 Nxd1) 29. Bc2 Nxb2 30. Raf1 Rd6 31. Qe1 Nxc4 32. Qg3 $2 (32. Rf4 $18 {has better winning chances.} Qd5 33. Bb3) 32... e4 $16 33. Bxe4 ({Don't play} 33. Rxf6 $6 Rxf6 34. Qc7+ Ke6 $11) (33. Rf4 $16 Nd2 34. Qg6) 33... Nd2 $11 34. Rxf6 Rxf6 {[%cal Rf6f1]} 35. Qg7+ Ke6 {[%cal Rf6f1]} 36. Bd5+ $2 {[%mdl 8192]} (36. Qg8+ $11 Ke7 37. Qg7+ Ke6 38. Qg8+ Ke7 39. Qg7+) 36... Kxd5 $19 {[%cal Rf6f1]} 37. Qxf6 Nxf1 38. Qxf1 {[%mdl 4096] Endgame KQ-KQ} Qe3 39. h3 c4 40. Qf7+ (40. Qf5+ $142 Kd4 41. Qf6+ Kd3 42. Qf5+ Kd2 43. Qd5+ Qd3 44. Qc5) 40... Kd4 41. Qxa7+ Kd3 42. Qd7+ Kc3 43. Qb5 Qe2 44. Qc5 Qxa2 45. Qe3+ Kb2 46. Qxh6 c3 {[%cal Bc4c3,Bc3c2][%mdl 32] Black mates.} 47. Qf6 Qc4 48. h4 Ka2 49. Qf2+ c2 50. h5 Kb1 51. Qf5 Qh4+ 52. Kg1 Qd4+ 53. Kh2 Kb2 {Precision: White = 39%, Black = 56%.} 0-1

[Event "SVK ECo-C Extraliga 2018-19"]
[Site "Slovakia"]
[Date "2019.02.16"]
[Round "5"]
[White "Mikrut, Dariusz"]
[Black "Kantorik, Marian"]
[Result "1/2-1/2"]
[WhiteElo "2380"]
[BlackElo "2224"]
[Annotator "NA"]
[PlyCount "39"]
[EventDate "2018.11.10"]
[EventType "team-tourn"]
[EventCountry "SVK"]
[SourceTitle "playchess.com"]
[Source "ChessBase"]
[SourceQuality "1"]
[WhiteTeam "Prakovce"]
[BlackTeam "Dunajov"]
[TimeControl "40/5400+30:1800+30"]

1. d4 {[%emt 0:03:25]} d5 {[%emt 0:00:00]} 2. c4 {[%emt 0:00:31]} e6 {[%emt 0:00:02]} 3. cxd5 {[%emt 0:01:08]} exd5 {[%emt 0:00:10]} 4. Nc3 {[%emt 0:00:02]} Nf6 {[%emt 0:03:10]} 5. Bg5 {[%emt 0:02:40]} Be7 {[%emt 0:00:53]} 6. e3 {[%emt 0:00:07]} O-O {[%emt 0:00:50]} 7. Bd3 {[%emt 0:00:20]} Nbd7 {[%emt 0:01:12]} 8. Qc2 {[%emt 0:00:18]} c6 {[%emt 0:00:42]} 9. Nge2 {[%emt 0:00:24]} Re8 {[%emt 0:03:51]} 10. h3 {[%emt 0:05:42]} Nf8 {[%emt 0:03:59]} 11. g4 {[%emt 0:05:27]} b5 {[%emt 0:12:19]} 12. O-O-O {[%emt 0:05:41]} a5 {[%emt 0:00:07]} 13. Kb1 {[%emt 0:07:09]} a4 {[%emt 0:00:11]} 14. Ng3 {[%emt 0:03:29]} h6 {[%emt 0:16:40]} 15. Bxf6 {[%emt 0:05:37]} Bxf6 {[%emt 0:00:07]} 16. Nce2 {[%emt 0:07:25]} Bd7 17. e4 {[%emt 0:15:52]} dxe4 {[%emt 0:08:08]} 18. Bxe4 {[%emt 0:01:10]} b4 {[%emt 0:05:28]} 19. Qc4 {[%emt 0:10:23]} Qb6 {[%emt 0:05:29]} 20. f3 {[%emt 0:07:50]} 1/2-1/2

[Event "SVK ECo-C Extraliga 2018-19"]
[Site "Slovakia"]
[Date "2019.02.16"]
[Round "5"]
[White "Jurcik, Martin"]
[Black "Manik, Mikulas"]
[Result "1/2-1/2"]
[WhiteElo "2346"]
[BlackElo "2384"]
[Annotator "NA"]
[PlyCount "30"]
[EventDate "2018.11.10"]
[EventType "team-tourn"]
[EventCountry "SVK"]
[SourceTitle "playchess.com"]
[Source "ChessBase"]
[SourceQuality "1"]
[WhiteTeam "Dunajov"]
[BlackTeam "Prakovce"]
[TimeControl "40/5400+30:1800+30"]

1. Nf3 {[%emt 0:00:00]} Nf6 {[%emt 0:00:07]} 2. c4 {[%emt 0:00:15]} g6 {[%emt 0:01:12]} 3. b3 {[%emt 0:00:59]} Bg7 {[%emt 0:01:01]} 4. Bb2 {[%emt 0:00:28]} O-O {[%emt 0:02:08]} 5. g3 {[%emt 0:01:47]} d6 {[%emt 0:11:59]} 6. d4 {[%emt 0:01:18]} Bf5 {[%emt 0:09:29]} 7. Bg2 {[%emt 0:03:34]} Nc6 {[%emt 0:02:10]} 8. O-O {[%emt 0:03:46]} Qc8 {[%emt 0:06:34]} 9. d5 {[%emt 0:29:13]} Na5 {[%emt 0:07:21]} 10. Bc3 {[%emt 0:06:29]} b6 {[%emt 0:04:12]} 11. Re1 {[%emt 0:00:27]} c6 12. dxc6 {[%emt 0:12:57]} Nxc6 {[%emt 0:11:48]} 13. Nd4 {[%emt 0:03:30]} Be4 {[%emt 0:08:33]} 14. f3 {[%emt 0:13:25]} Nxd4 {[%emt 0:01:10]} 15. Bxd4 {[%emt 0:00:02]} e5 1/2-1/2

[Event "SVK ECo-C Extraliga 2018-19"]
[Site "Slovakia"]
[Date "2019.02.16"]
[Round "5"]
[White "Jakab, Bela"]
[Black "Cvek, Robert"]
[Result "1/2-1/2"]
[WhiteElo "2305"]
[BlackElo "2512"]
[Annotator "ChessBase"]
[PlyCount "29"]
[EventDate "2018.11.10"]
[EventType "team-tourn"]
[EventCountry "SVK"]
[SourceTitle "playchess.com"]
[Source "ChessBase"]
[SourceQuality "1"]
[WhiteTeam "Komarno"]
[BlackTeam "Osuske"]
[TimeControl "40/5400+30:1800+30"]

1. e4 {[%emt 0:00:00]} c5 {[%emt 0:00:00]} 2. c3 {[%emt 0:00:00]} Nf6 {[%emt 0:00:36]} 3. e5 {[%emt 0:00:00]} Nd5 {[%emt 0:00:06]} 4. d4 {[%emt 0:00:11]} cxd4 {[%emt 0:00:06]} 5. Nf3 {[%emt 0:00:22]} e6 {[%emt 0:00:16]} 6. cxd4 {[%emt 0:00:09]} b6 {[%emt 0:02:21]} 7. Nc3 {[%emt 0:02:32]} Nxc3 {[%emt 0:00:42]} 8. bxc3 {[%emt 0:00:07]} Qc7 {[%emt 0:00:18]} 9. Bd2 {[%emt 0:01:12]} d6 {[%emt 0:00:13]} 10. Bd3 {[%emt 0:11:27]} Bb7 {[%emt 0:03:39]} 11. O-O {[%emt 0:02:41]} Nd7 {[%emt 0:00:48]} 12. Re1 {[%emt 0:03:26]} dxe5 {[%emt 0:06:42]} 13. Nxe5 {[%emt 0:01:54]} Nxe5 {[%emt 0:00:07]} 14. Rxe5 {[%emt 0:00:57]} Bd6 {[%emt 0:00:08]} 15. Rd5 1/2-1/2

[Event "SVK ECo-C Extraliga 2018-19"]
[Site "Slovakia"]
[Date "2019.02.16"]
[Round "5"]
[White "Krak, Tomas"]
[Black "Vojtek, Vladimir"]
[Result "0-1"]
[WhiteElo "2304"]
[BlackElo "2282"]
[Annotator "NA"]
[PlyCount "58"]
[EventDate "2018.11.10"]
[EventType "team-tourn"]
[EventCountry "SVK"]
[SourceTitle "playchess.com"]
[Source "ChessBase"]
[SourceQuality "1"]
[WhiteTeam "Snina"]
[BlackTeam "Dubnica"]
[TimeControl "40/5400+30:1800+30"]

1. e4 {[%emt 0:00:00]} c5 {[%emt 0:00:00]} 2. Nf3 {[%emt 0:00:42]} d6 {[%emt 0:00:00]} 3. d4 {[%emt 0:01:04]} cxd4 {[%emt 0:00:00]} 4. Nxd4 {[%emt 0:00:04]} Nf6 {[%emt 0:00:00]} 5. Nc3 {[%emt 0:00:06]} a6 {[%emt 0:00:00]} 6. Be3 {[%emt 0:08:47]} e5 {[%emt 0:00:00]} 7. Nb3 {[%emt 0:00:05]} Be6 {[%emt 0:00:26]} 8. h3 {[%emt 0:00:26]} Nbd7 {[%emt 0:03:06]} 9. f4 {[%emt 0:08:53]} exf4 {[%emt 0:08:06]} 10. Bxf4 {[%emt 0:00:27]} Qb6 {[%emt 0:00:35]} 11. Qe2 {[%emt 0:04:13]} Be7 {[%emt 0:04:21]} 12. O-O-O {[%emt 0:07:01]} O-O {[%emt 0:03:48]} 13. g4 {[%emt 0:02:45]} Ne5 {[%emt 0:21:35]} 14. g5 {[%emt 0:03:21]} Nfd7 {[%emt 0:09:32]} 15. Kb1 {[%emt 0:08:08]} Rac8 {[%emt 0:03:33]} 16. Nd5 {[%emt 0:03:26]} Bxd5 {[%emt 0:05:29]} 17. Rxd5 {[%emt 0:02:13]} f6 {[%emt 0:09:10]} 18. h4 {[%emt 0:11:16]} fxg5 {[%emt 0:11:36]} 19. Be3 {[%emt 0:01:30]} Qd8 {[%emt 0:00:51]} 20. hxg5 {[%emt 0:00:50]} Bxg5 {[%emt 0:01:51]} 21. Bh3 {[%emt 0:00:45]} Bxe3 {[%emt 0:02:39]} 22. Qxe3 {[%emt 0:01:07]} Qf6 {[%emt 0:02:29]} 23. Nd4 {[%emt 0:05:22]} Rce8 {[%emt 0:05:05]} 24. Bf5 {[%emt 0:14:20]} g6 {[%emt 0:02:47]} 25. Qh3 {[%emt 0:01:39]} Re7 {[%emt 0:00:56]} 26. Be6+ {[%emt 0:04:44]} Kh8 {[%emt 0:00:19]} 27. Rxd6 {[%emt 0:08:56]} Nc5 {[%emt 0:02:58]} 28. a3 {[%emt 0:01:12]} Nxe4 {[%emt 0:01:26]} 29. Rb6 {[%emt 0:00:33]} Nf2 {[%emt 0:00:28]} 0-1

[Event "SVK ECo-C Extraliga 2018-19"]
[Site "Slovakia"]
[Date "2019.02.16"]
[Round "5"]
[White "Kukel, Imre"]
[Black "Istona, Martin"]
[Result "1-0"]
[WhiteElo "2292"]
[BlackElo "2269"]
[Annotator "NA"]
[PlyCount "69"]
[EventDate "2018.11.10"]
[EventType "team-tourn"]
[EventCountry "SVK"]
[SourceTitle "playchess.com"]
[Source "ChessBase"]
[SourceQuality "1"]
[WhiteTeam "Komarno"]
[BlackTeam "Osuske"]
[TimeControl "40/5400+30:1800+30"]

1. e4 {[%emt 0:00:00]} c5 {[%emt 0:00:00]} 2. Nf3 {[%emt 0:00:00]} Nc6 {[%emt 0:00:29]} 3. d4 {[%emt 0:00:00]} cxd4 {[%emt 0:00:07]} 4. Nxd4 {[%emt 0:00:00]} g6 {[%emt 0:00:30]} 5. c4 {[%emt 0:00:00]} Bg7 {[%emt 0:00:07]} 6. Be3 {[%emt 0:00:00]} Nf6 {[%emt 0:00:12]} 7. Nc3 {[%emt 0:00:00]} d6 {[%emt 0:01:01]} 8. Be2 {[%emt 0:00:13]} O-O {[%emt 0:00:18]} 9. O-O {[%emt 0:00:03]} Nxd4 {[%emt 0:01:47]} 10. Bxd4 {[%emt 0:01:00]} Bd7 {[%emt 0:00:12]} 11. Qd2 {[%emt 0:10:29]} a5 {[%emt 0:01:29]} 12. b3 {[%emt 0:00:20]} Bc6 {[%emt 0:01:48]} 13. f3 {[%emt 0:00:41]} Nd7 {[%emt 0:00:24]} 14. Be3 {[%emt 0:00:15]} Nc5 {[%emt 0:01:09]} 15. Rab1 {[%emt 0:04:50]} Be5 {[%emt 0:00:42]} 16. Nd5 {[%emt 0:13:33]} e6 {[%emt 0:39:16]} 17. Nf4 {[%emt 0:03:02]} Qe7 {[%emt 0:02:42]} 18. a3 {[%emt 0:17:18]} a4 {[%emt 0:11:08]} 19. b4 {[%emt 0:03:22]} Nb3 {[%emt 0:00:21]} 20. Qd3 {[%emt 0:00:39]} Qf6 {[%emt 0:02:07]} 21. g3 {[%emt 0:09:00]} Rfc8 {[%emt 0:14:33]} 22. Bd1 {[%emt 0:06:11]} Bd4 {[%emt 0:18:25]} 23. Bxb3 {[%emt 0:19:10]} Bxe3+ {[%emt 0:00:07]} 24. Qxe3 {[%emt 0:00:07]} axb3 {[%emt 0:00:06]} 25. Rxb3 {[%emt 0:00:08]} g5 {[%emt 0:01:55]} 26. Nh3 {[%emt 0:02:59]} h6 {[%emt 0:00:59]} 27. Nf2 {[%emt 0:01:06]} b5 {[%emt 0:00:53]} 28. c5 {[%emt 0:01:07]} dxc5 {[%emt 0:00:33]} 29. bxc5 {[%emt 0:00:03]} Ra4 {[%emt 0:00:31]} 30. Rb4 {[%emt 0:02:51]} Rxb4 {[%emt 0:00:27]} 31. axb4 {[%emt 0:00:01]} Qb2 {[%emt 0:00:39]} 32. Nd3 {[%emt 0:00:01]} Qb3 {[%emt 0:00:28]} 33. Qd4 {[%emt 0:00:07]} Ra8 {[%emt 0:00:30]} 34. Ne5 {[%emt 0:04:34]} Be8 {[%emt 0:00:31]} 35. Ng4 {[%emt 0:00:04]} 1-0

[Event "SVK ECo-C Extraliga 2018-19"]
[Site "Slovakia"]
[Date "2019.02.16"]
[Round "5"]
[White "Karas, Marek"]
[Black "Bottyan, Peter"]
[Result "1-0"]
[WhiteElo "2261"]
[BlackElo "2194"]
[Annotator "NA"]
[PlyCount "67"]
[EventDate "2018.11.10"]
[EventType "team-tourn"]
[EventCountry "SVK"]
[SourceTitle "playchess.com"]
[Source "ChessBase"]
[SourceQuality "1"]
[WhiteTeam "Osuske"]
[BlackTeam "Komarno"]
[TimeControl "40/5400+30:1800+30"]

1. d4 {[%emt 0:00:00]} g6 {[%emt 0:00:00]} 2. Nf3 {[%emt 0:01:13]} Bg7 {[%emt 0:00:11]} 3. e4 {[%emt 0:00:27]} c5 {[%emt 0:00:26]} 4. c3 {[%emt 0:01:38]} cxd4 {[%emt 0:05:27]} 5. cxd4 {[%emt 0:00:14]} Nc6 {[%emt 0:04:28]} 6. Nc3 {[%emt 0:01:04]} d6 {[%emt 0:04:20]} 7. h3 {[%emt 0:01:42]} Nf6 {[%emt 0:06:06]} 8. Be2 {[%emt 0:05:22]} O-O {[%emt 0:12:39]} 9. O-O {[%emt 0:00:54]} d5 {[%emt 0:03:44]} 10. e5 {[%emt 0:03:26]} Ne4 {[%emt 0:00:28]} 11. Be3 {[%emt 0:01:21]} Nxc3 {[%emt 0:09:10]} 12. bxc3 {[%emt 0:00:03]} Na5 {[%emt 0:07:23]} 13. Qc1 {[%emt 0:04:01]} Re8 {[%emt 0:03:06]} 14. Bh6 {[%emt 0:02:08]} Bh8 {[%emt 0:00:24]} 15. Qf4 {[%emt 0:00:46]} Qc7 {[%emt 0:14:02]} 16. Qh4 {[%emt 0:03:10]} f5 {[%emt 0:06:58]} 17. exf6 {[%emt 0:04:33]} exf6 {[%emt 0:01:20]} 18. Rfe1 {[%emt 0:02:28]} Bd7 {[%emt 0:03:05]} 19. Rac1 {[%emt 0:03:16]} Nc4 {[%emt 0:01:21]} 20. Bf4 {[%emt 0:02:34]} Qc6 {[%emt 0:01:04]} 21. Qg3 {[%emt 0:01:28]} Bg7 {[%emt 0:01:42]} 22. h4 {[%emt 0:04:41]} Re6 {[%emt 0:04:38]} 23. Bd3 {[%emt 0:02:40]} Rxe1+ {[%emt 0:00:36]} 24. Nxe1 {[%emt 0:02:58]} Re8 {[%emt 0:01:27]} 25. Nc2 {[%emt 0:03:09]} a5 {[%emt 0:01:05]} 26. Ne3 {[%emt 0:01:50]} Nxe3 {[%emt 0:00:42]} 27. Bxe3 {[%emt 0:00:24]} Re7 {[%emt 0:03:00]} 28. c4 {[%emt 0:01:13]} Kh8 {[%emt 0:01:15]} 29. cxd5 {[%emt 0:04:44]} Qxd5 {[%emt 0:00:08]} 30. Rc7 {[%emt 0:00:54]} Bf8 {[%emt 0:02:02]} 31. Bc4 {[%emt 0:04:17]} Qe4 {[%emt 0:00:26]} 32. Qd6 {[%emt 0:02:02]} Rf7 {[%emt 0:02:28]} 33. Qb6 {[%emt 0:00:59]} Kg7 {[%emt 0:00:46]} 34. Bxf7 {[%emt 0:00:12]} 1-0

[Event "SVK ECo-C Extraliga 2018-19"]
[Site "Slovakia"]
[Date "2019.02.16"]
[Round "5"]
[White "Veres, Andrej"]
[Black "Holtman, Teodor"]
[Result "0-1"]
[WhiteElo "2247"]
[BlackElo "2287"]
[Annotator "NA"]
[PlyCount "106"]
[EventDate "2018.11.10"]
[EventType "team-tourn"]
[EventCountry "SVK"]
[SourceTitle "playchess.com"]
[Source "ChessBase"]
[SourceQuality "1"]
[WhiteTeam "Dubnica"]
[BlackTeam "Snina"]
[TimeControl "40/5400+30:1800+30"]

1. e4 {[%emt 0:00:00]} e6 {[%emt 0:00:00]} 2. d4 {[%emt 0:00:29]} d5 {[%emt 0:00:00]} 3. Nd2 {[%emt 0:00:53]} Nc6 {[%emt 0:01:16]} 4. Ngf3 {[%emt 0:03:05]} Nf6 {[%emt 0:00:02]} 5. e5 {[%emt 0:10:16]} Nd7 {[%emt 0:00:04]} 6. Be2 {[%emt 0:08:45]} f6 {[%emt 0:00:03]} 7. exf6 {[%emt 0:01:52]} Qxf6 {[%emt 0:00:02]} 8. Nf1 {[%emt 0:02:03]} Bd6 {[%emt 0:00:07]} 9. Bg5 {[%emt 0:04:59]} Qf7 {[%emt 0:00:38]} 10. Ne3 {[%emt 0:08:40]} O-O {[%emt 0:00:10]} 11. O-O {[%emt 0:10:01]} b6 {[%emt 0:02:01]} 12. Bh4 {[%emt 0:07:40]} Bb7 {[%emt 0:00:55]} 13. Ng5 {[%emt 0:08:20]} Qf4 {[%emt 0:02:31]} 14. Nf3 {[%emt 0:08:08]} Rae8 {[%emt 0:06:31]} 15. c3 {[%emt 0:05:11]} Qh6 {[%emt 0:05:41]} 16. Bg3 {[%emt 0:02:52]} g6 {[%emt 0:08:15]} 17. Re1 {[%emt 0:02:01]} Nf6 {[%emt 0:02:41]} 18. Ne5 {[%emt 0:03:52]} Ne4 {[%emt 0:01:46]} 19. N5g4 {[%emt 0:02:50]} Qg7 {[%emt 0:00:49]} 20. Bxd6 {[%emt 0:00:44]} cxd6 {[%emt 0:02:15]} 21. f3 {[%emt 0:00:11]} Ng5 {[%emt 0:02:20]} 22. Qd2 {[%emt 0:00:09]} Nf7 {[%emt 0:01:30]} 23. Bb5 {[%emt 0:00:55]} a6 {[%emt 0:10:04]} 24. Ba4 {[%emt 0:01:23]} Rd8 {[%emt 0:01:27]} 25. Re2 {[%emt 0:00:10]} h5 {[%emt 0:08:58]} 26. Nf2 {[%emt 0:00:24]} Nh6 {[%emt 0:00:30]} 27. Rae1 {[%emt 0:01:30]} Nf7 {[%emt 0:09:50]} 28. Bc2 {[%emt 0:01:44]} Bc8 {[%emt 0:03:51]} 29. Nd3 {[%emt 0:02:44]} Nh6 {[%emt 0:00:34]} 30. Nf1 {[%emt 0:00:35]} Nf5 {[%emt 0:05:37]} 31. Qg5 {[%emt 0:01:20]} Qf6 {[%emt 0:04:19]} 32. Qxf6 {[%emt 0:00:20]} Rxf6 {[%emt 0:00:01]} 33. Ng3 {[%emt 0:00:57]} Ng7 {[%emt 0:05:00]} 34. f4 {[%emt 0:00:35]} a5 {[%emt 0:02:31]} 35. Nf1 {[%emt 0:01:09]} Ba6 {[%emt 0:00:07]} 36. g3 {[%emt 0:00:09]} Rc8 {[%emt 0:07:54]} 37. Nd2 {[%emt 0:00:30]} Nxd4 {[%emt 0:00:54]} 38. cxd4 {[%emt 0:00:51]} Rxc2 {[%emt 0:00:01]} 39. Ne4 {[%emt 0:00:38]} dxe4 {[%emt 0:03:04]} 40. Rxc2 {[%emt 0:00:04]} Bxd3 {[%emt 0:02:16]} 41. Rc6 {[%emt 0:30:18]} Nf5 {[%emt 0:31:09]} 42. Rxb6 {[%emt 0:00:00]} Nxd4 {[%emt 0:00:00]} 43. Rd1 {[%emt 0:00:00]} d5 {[%emt 0:00:00]} 44. b4 {[%emt 0:00:00]} axb4 {[%emt 0:00:00]} 45. Rxb4 {[%emt 0:00:00]} e5 {[%emt 0:00:00]} 46. fxe5 {[%emt 0:00:00]} Nf3+ {[%emt 0:00:00]} 47. Kg2 {[%emt 0:00:00]} Nxe5 {[%emt 0:00:00]} 48. Rd4 {[%emt 0:00:00]} Ng4 {[%emt 0:00:00]} 49. R1xd3 {[%emt 0:00:00]} exd3 {[%emt 0:00:00]} 50. Rxd3 {[%emt 0:00:00]} Rf2+ {[%emt 0:00:00]} 51. Kg1 {[%emt 0:00:00]} Rxh2 {[%emt 0:00:00]} 52. Rxd5 {[%emt 0:00:00]} Rxa2 {[%emt 0:00:00]} 53. Rd4 {[%emt 0:00:00]} Kg7 {[%emt 0:00:00]} 0-1

[Event "SVK ECo-C Extraliga 2018-19"]
[Site "Slovakia"]
[Date "2019.02.16"]
[Round "5"]
[White "Molnar, Erno"]
[Black "Jablonicky, Martin"]
[Result "1/2-1/2"]
[WhiteElo "2245"]
[BlackElo "2308"]
[Annotator "NA"]
[PlyCount "63"]
[EventDate "2018.11.10"]
[EventType "team-tourn"]
[EventCountry "SVK"]
[SourceTitle "playchess.com"]
[Source "ChessBase"]
[SourceQuality "1"]
[WhiteTeam "Komarno"]
[BlackTeam "Osuske"]
[TimeControl "40/5400+30:1800+30"]

1. e4 {[%emt 0:00:00]} c5 {[%emt 0:00:00]} 2. Nf3 {[%emt 0:00:00]} d6 {[%emt 0:00:22]} 3. d4 {[%emt 0:00:00]} cxd4 {[%emt 0:00:04]} 4. Nxd4 {[%emt 0:00:00]} Nf6 {[%emt 0:00:05]} 5. Nc3 {[%emt 0:00:00]} a6 {[%emt 0:00:44]} 6. Bg5 {[%emt 0:00:03]} Nbd7 {[%emt 0:00:39]} 7. Bc4 {[%emt 0:00:09]} e6 {[%emt 0:05:35]} 8. O-O {[%emt 0:02:28]} Qa5 {[%emt 0:08:21]} 9. Qd2 {[%emt 0:01:50]} Be7 {[%emt 0:04:14]} 10. Rae1 {[%emt 0:19:13]} h6 {[%emt 0:08:08]} 11. Bh4 {[%emt 0:06:58]} O-O {[%emt 0:02:52]} 12. Re2 {[%emt 0:12:23]} Kh8 {[%emt 0:09:39]} 13. Kh1 {[%emt 0:14:31]} Nc5 {[%emt 0:14:29]} 14. Nb3 {[%emt 0:16:47]} Nxb3 {[%emt 0:07:33]} 15. Bxb3 {[%emt 0:00:56]} d5 {[%emt 0:09:36]} 16. exd5 {[%emt 0:07:49]} Nxd5 {[%emt 0:03:22]} 17. Bxe7 {[%emt 0:00:24]} Nxe7 {[%emt 0:00:05]} 18. Ne4 {[%emt 0:00:14]} Qc7 {[%emt 0:03:41]} 19. Qd6 {[%emt 0:02:21]} Qxd6 {[%emt 0:04:37]} 20. Nxd6 {[%emt 0:00:03]} Kg8 {[%emt 0:03:47]} 21. Rd1 {[%emt 0:00:57]} Rd8 {[%emt 0:00:43]} 22. Red2 {[%emt 0:01:51]} Kf8 {[%emt 0:00:09]} 23. Kg1 {[%emt 0:02:34]} b6 {[%emt 0:03:19]} 24. c3 {[%emt 0:01:00]} a5 {[%emt 0:02:34]} 25. Kf1 {[%emt 0:07:16]} Ba6+ {[%emt 0:00:12]} 26. Ke1 {[%emt 0:00:06]} Nc8 {[%emt 0:06:37]} 27. a4 {[%emt 0:01:46]} Nxd6 {[%emt 0:01:18]} 28. Rxd6 {[%emt 0:00:01]} Rxd6 {[%emt 0:00:06]} 29. Rxd6 {[%emt 0:00:02]} Rb8 {[%emt 0:00:03]} 30. Rc6 {[%emt 0:02:38]} Ke8 {[%emt 0:01:16]} 31. Rc7 {[%emt 0:00:28]} Rb7 {[%emt 0:00:34]} 32. Rxb7 {[%emt 0:00:30]} 1/2-1/2

[Event "SVK ECo-C Extraliga 2018-19"]
[Site "Slovakia"]
[Date "2019.02.16"]
[Round "5"]
[White "Sepesi, Samuel"]
[Black "Bombek, Peter"]
[Result "1/2-1/2"]
[WhiteElo "2189"]
[BlackElo "2184"]
[Annotator "NA"]
[PlyCount "60"]
[EventDate "2018.11.10"]
[EventType "team-tourn"]
[EventCountry "SVK"]
[SourceTitle "playchess.com"]
[Source "ChessBase"]
[SourceQuality "1"]
[WhiteTeam "Snina"]
[BlackTeam "Dubnica"]
[TimeControl "40/5400+30:1800+30"]

1. e4 {[%emt 0:00:00]} e6 {[%emt 0:00:00]} 2. d4 {[%emt 0:00:00]} d5 {[%emt 0:00:00]} 3. Nd2 {[%emt 0:00:20]} a6 {[%emt 0:00:00]} 4. Ngf3 {[%emt 0:03:34]} c5 {[%emt 0:00:11]} 5. dxc5 {[%emt 0:01:22]} Bxc5 {[%emt 0:01:58]} 6. Bd3 {[%emt 0:00:28]} Nf6 {[%emt 0:04:27]} 7. Qe2 {[%emt 0:00:10]} Nc6 {[%emt 0:00:52]} 8. O-O {[%emt 0:04:17]} Qc7 {[%emt 0:02:55]} 9. e5 {[%emt 0:29:35]} Ng4 {[%emt 0:10:04]} 10. Nb3 {[%emt 0:00:28]} Ba7 {[%emt 0:02:32]} 11. Bf4 {[%emt 0:01:34]} f6 {[%emt 0:04:58]} 12. Rae1 {[%emt 0:03:58]} Bb8 {[%emt 0:06:43]} 13. c4 {[%emt 0:30:50]} dxc4 {[%emt 0:10:05]} 14. Bxc4 {[%emt 0:00:26]} Ngxe5 {[%emt 0:04:19]} 15. Nxe5 {[%emt 0:03:25]} Nxe5 {[%emt 0:01:59]} 16. Bxe5 {[%emt 0:02:15]} Qxe5 {[%emt 0:03:26]} 17. f4 {[%emt 0:04:46]} Qxe2 {[%emt 0:04:35]} 18. Rxe2 {[%emt 0:00:04]} e5 {[%emt 0:02:09]} 19. fxe5 {[%emt 0:03:28]} Bxe5 {[%emt 0:01:24]} 20. Nc5 {[%emt 0:00:55]} Bg4 {[%emt 0:12:40]} 21. Re4 {[%emt 0:00:56]} Bd7 {[%emt 0:02:00]} 22. Bd5 {[%emt 0:01:47]} Bc6 {[%emt 0:09:17]} 23. Bxc6+ {[%emt 0:00:13]} bxc6 {[%emt 0:00:01]} 24. Nd3 {[%emt 0:00:13]} O-O-O {[%emt 0:04:34]} 25. Nxe5 {[%emt 0:00:21]} fxe5 {[%emt 0:02:03]} 26. Rxe5 {[%emt 0:02:19]} Rd2 {[%emt 0:01:39]} 27. Rf7 {[%emt 0:03:01]} Rhd8 {[%emt 0:02:24]} 28. h4 {[%emt 0:00:54]} R8d7 {[%emt 0:00:56]} 29. Re8+ {[%emt 0:00:19]} Kc7 {[%emt 0:00:57]} 30. Ree7 {[%emt 0:00:03]} Rxe7 {[%emt 0:00:47]} 1/2-1/2